000 00760nab a2200229 u 4500
001 08894
003 HDC
007 cr bn ---aaaaa
008 210131c9999 my dr|nes 0 a may d
040 _aHDC
245 0 _aKemas Kini Perjanjian
260 _a[no place] :
_b[publisher not identified],
_c[no year]
336 _atext
_2rdacontent
337 _acomputer
_2rdamedia
338 _aonline resource
_2rdacarrier
650 _acooperative relationship
_99316
650 _aTax agreement
_zMalaysia
_zSingapore
_99315
856 _zRequest full-text at [email protected]
942 _2lcc
942 _cNEWS
942 _kNWSC 002408
999 _c6217
_d6217